Digital systems : (Record no. 611189)

000 -LEADER
fixed length control field 01468cam a2200289 i 4500
001 - CONTROL NUMBER
control field 18979830
005 - DATE AND TIME OF LATEST TRANSACTION
control field 20240828133613.0
008 - FIXED-LENGTH DATA ELEMENTS--GENERAL INFORMATION
fixed length control field 160218s2017 mau 000 0 eng
010 ## - LIBRARY OF CONGRESS CONTROL NUMBER
LC control number 2016007313
020 ## - INTERNATIONAL STANDARD BOOK NUMBER
International Standard Book Number 9780134220130
040 ## - CATALOGING SOURCE
Original cataloging agency DLC
Language of cataloging eng
Transcribing agency DLC
Description conventions rda
Modifying agency DLC
042 ## - AUTHENTICATION CODE
Authentication code pcc
082 00 - DEWEY DECIMAL CLASSIFICATION NUMBER
Classification number 621.381,TOC
100 1# - MAIN ENTRY--PERSONAL NAME
Personal name Widmer, Neal S.,
Relator term author.
9 (RLIN) 103326
245 10 - TITLE STATEMENT
Title Digital systems :
Remainder of title principles and applications /
Statement of responsibility, etc. Neal S. Widmer, Purdue University, Gregory L. Moss, Purdue University, Ronald J. Tocci, Monroe Community College.
250 ## - EDITION STATEMENT
Edition statement Twelfth edition.
264 #1 - PRODUCTION, PUBLICATION, DISTRIBUTION, MANUFACTURE, AND COPYRIGHT NOTICE
Place of production, publication, distribution, manufacture Boston :
Name of producer, publisher, distributor, manufacturer Pearson,
Date of production, publication, distribution, manufacture, or copyright notice [2017]
300 ## - PHYSICAL DESCRIPTION
Extent xx, 1004 pages ;
Dimensions 29 cm
336 ## - CONTENT TYPE
Content type term text
Content type code txt
Source rdacontent
337 ## - MEDIA TYPE
Media type term unmediated
Media type code n
Source rdamedia
338 ## - CARRIER TYPE
Carrier type term volume
Carrier type code nc
Source rdacarrier
505 ## - FORMATTED CONTENTS NOTE
Formatted contents note Introductory to Concepts (Page-22), Number Systems and Cods (Page-56), Describing Logic Circuits (Page-88), Combinational Logic Circuits (Page-156), Flip Flops and Related Devices (Page-256), Digital Arithmetic :Operations and Circuits (Page-360), Counters and Register (Page-428), Integrated Circuits Logic Families (Page-570), MSI Logic Circuits (Page-658), Digital System Projects using UML (Page-764), Interfacing with the Analog World (Page-814), Memory Devices (Page-886), Programmable Logic Devices (Page-960).
650 #0 - SUBJECT ADDED ENTRY--TOPICAL TERM
Topical term or geographic name entry element Digital electronics.
700 1# - ADDED ENTRY--PERSONAL NAME
Personal name Moss, Gregory L.,
Relator term author.
9 (RLIN) 125437
700 1# - ADDED ENTRY--PERSONAL NAME
Personal name Tocci, Ronald J.,
Relator term author.
9 (RLIN) 66452
942 ## - ADDED ENTRY ELEMENTS (KOHA)
Source of classification or shelving scheme
Koha item type Reference
Holdings
Withdrawn status Lost status Source of classification or shelving scheme Damaged status Not for loan Permanent Location Current Location Shelving location Date acquired Full call number Barcode Date last seen Price effective from Koha item type Public note
          Military College of Signals (MCS) Military College of Signals (MCS) General Stacks 08/28/2024 621.381,TOC MCS38789 08/28/2024 08/28/2024 Book Almirah No.31, Shelf No.6
© 2023 Central Library, National University of Sciences and Technology. All Rights Reserved.